00702cam a2200193 a 4500020002800000040000800028082002600036100001700062245007200079260004100151300003200192500002000224650002800244650003300272650001600305856005500321856006600376856006600442 a0471295388 (alk. paper) cDLC00a973 WIL 1998 A101 Or.1 aObst, David.10aToo good to be forgotten :bchanging America in the '60s and '70s / aNew York :bJ. Wiley & Sons,cc1998. av, 282 p. :bill. ;c24 cm. aIncludes index. 0aVietnam War, 1961-1975. 0aWatergate Affair, 1972-1974. 0aJournalists4 uhttp://www.loc.gov/catdir/toc/onix04/98008720.html42uhttp://www.loc.gov/catdir/enhancements/fy0706/98008720-b.html42uhttp://www.loc.gov/catdir/enhancements/fy0706/98008720-d.html